1617 1256 1077 1839 1259 1823 1920 1218 1568 1070 1792 1372 1639 1009 1681 1012 1774 1197 1960 1298 1076 1323 1245 1651 1420 1961 1347 1055 1549 1957 1491 1528 1238 1117 1761 1415 1536 1834 1279 1594 1205 1912 1886 1538 1032 1666 1463 1790 1920 1899 1322 1518 1052 1638 1836 1031 1786 1594 1911 1106 1627 1467 1967 1792 1163 1566 1004 1343 1435 1390 1213 1312 1365 1671 1038 1218 1550 1756 1942 1402 1238 1591 1051 1301 1915 1758 1112 1127 1977 1754 1576 1680 1657 1642 1984 1705 1012 1464 1229 BCNSPRNW ULIB Ver.6.0+V

เปลี่ยนเป็นภาษาไทย

Change to English
 แสดงรายละเอียดบรรณานุกรม
  กลับหน้าหลัก

Brief Record : Get Marc (ISO 2709) : E-mail record : QR code < ปิดหน้าต่าง
LEADER : 00000nam 2200000uu 4500
001    13399108145
003     ULIB
008    110219s2551||||th 000 0 tha d
020    9740411614(ล.2)
060 04 QZ4^bส754พ ล.2 2551
245 00 พยาธิสรีรวิทยาทางการพยาบาล เล่ม2 /^cบรรณาธิการ, สุจินดาริมศรีทอง, สุดาพรรณ ธัญจิรา, อรุณศรี เตชัสหงส์
250    พิมพ์ครั้งที่ 2
260    กรุงเทพฯ :^bภาควิชาพยาบาลศาสตร์คณะแพทยศาสตร์โรงพยาบาลรามาธิบดี มหาวิทยาลัยมหิดล,^c2551
300    364 หน้า :^bภาพประกอบ ;^c26 ซม.
650  7 การพยาบาล
650  7 สรีรวิทยา
700 0  สุจินดา ริมศรีทอง,^eบรรณาธิการ
700 0  สุดาพรรณ ธัญจิรา,^eบรรณาธิการ
700 0  อรุณศรี เตซัสหงส์,^eบรรณาธิการ
710 2  มหาวิทยาลัยมหิดล. /^bคณะแพทยศาสตร์โรงพยาบาลรามาธิบดี.^bภาควิชาพยาบาลศาสตร์
945    ^p200^l0^i026140
945    ^p200^l0^i026139
945    ^p200^l0^i026137
945    ^p200^l0^i024813
945    ^p200^l0^i023888
945    ^p200^l0^i023887
945    ^p200^l0^i023886
945    ^p200^l0^i026138
945    ^p200^l0^i023889
995    ทศพร
999 ^a ใช้งานได้ทุกระบบ
รายการนี้ยังไม่มีแท็ก
คุณยังไม่ได้ล็อกอิน คุณสามารถมีกิจกรรมร่วมกับเว็บไซต์ได้ แต่ต้องล็อกอินก่อน ::
  ล็อกอิน

รายการสื่อสารสนเทศ

ลำดับที่ ประเภท เลขเรียก/บาร์โค้ด สถานที่ สถานะ
- ไม่พบข้อมูล -

รายการใกล้เคียง
    หัวเรื่อง [การพยาบาล]
    หัวเรื่อง [สรีรวิทยา]

BibComment


ยังไม่เคยถูกคอมเมนท์

คอมเมนท์ทรัพยากรรายการนี้
  คอมเมนท์: พยาธิสรีรวิทยาทาง..


 Copyright 2026. Bcnsprnw @Library